Statistics for Countries that Visit Israel the Most

Click here to take the quiz!

General Stats

  • This quiz has been taken 2,185 times
  • The average score is 9 of 10

Answer Stats

RankCountry# of visitors% Correct
1United States672,100
100%
4United Kingdom197,100
97%
2France293,000
96%
5Germany180,100
93%
9Canada69,900
90%
3Russia284,600
90%
7Italy88,000
87%
8China85,900
79%
10Poland54,300
77%
6Ukraine164,500
62%

Score Distribution

Percentile by Number Answered

Percent of People with Each Score

Your Score History

You have not taken this quiz